| 000 | 00411nam a2200169Ia 4500 | ||
|---|---|---|---|
| 003 | LK-CoDNM | ||
| 008 | 010623t2013 xxu||||| |||| 00| 1 sin d | ||
| 040 |
_aLK-CoDNM _dLK-CoDNM _eLK-CoDNM |
||
| 041 | _asin | ||
| 080 | _a133.52 RAJ | ||
| 100 | _aRajapaksha,S.M.W | ||
| 245 | _aධනු ලග්නය | ||
| 246 | _aDanu Lagnaya | ||
| 260 |
_bGodage _aColombo _c2013 |
||
| 300 | _b191, 21 cm | ||
| 942 | _cBK | ||
| 999 |
_c133188 _d133188 |
||